000 01571cam a2200373 i 4500
001 24985
003 Mx-PuUPA
005 20251211140135.0
008 140415s2022 mx a gr 001 0 spa d
020 _a9786078832255
040 _cMx-PuUPA
_aMx-PuUPA
_bspa
_dMx-PuUPA
_erda
041 0 _aspa
043 _2mx-mxbn
_bn-mx-pu
100 1 _dViveros Mendoza, José,
_917424
_eautor
245 1 0 _aAzulejos de Puebla II :
_bedificios religiosos agustinos /
_cJosé Viveros Mendoza ; fotografía, Josué Saúl Benítez López [y otros 3]
250 _aPrimera edición /
_bdiciembre
264 1 _aPuebla, Pue. México :
_bGobierno del Estado de Puebla,
_c2022
300 _a189 páginas :
_bilustraciones (a color) ;
_c27 cm
336 _2rdacontent
_atexto
_btxt
336 _2rdacontent
_aimagen fija
_bsti
337 _2rdamedia
_asin medio
_bn
338 _2rdacarrier
_avolumen
_bnc
490 0 _aAzulejos de Puebla ;
_v2
610 1 4 _aMuseo José Luis Bello y Zetina
_xColecciones de arte
650 7 _2armarc
_aArte y simbolismo cristiano
_zMéxico
_zPuebla de Zaragoza
650 7 _2armarc
_aIglesia
_xDecoración y ornamentación
_zMéxico
_zPuebla de Zaragoza
650 7 _2armarc
_aAzulejosen decoración de Interiores
_zMéxico
650 7 _2armarc
_aAzulejos
_zMéxico
_zPuebla de Zaragoza
_xHistoria
700 1 _aBenítez López, Josué Saúl,
_efotógrafo
942 _2ddc
_cLI
_h738.60972248
_iV85
999 _c24985
_d24985